Largest cities in Ontario - Statistics

General Stats
  • This quiz has been taken 90 times
    63 since last reset
  • The average score is 14 of 20
Answer Stats
Population Answer % Correct
3,273,119 Toronto
100%
1,153,843 Ottawa
98%
488,640 London
92%
780,747 Mississauga
90%
632,111 Hamilton
88%
320,360 Kitchener
85%
266,309 Windsor
85%
791,486 Brampton
83%
368,110 Markham
73%
207408 Oshawa
71%
353,648 Vaughan
69%
186,337 Greater Sudbury
65%
169,419 Barrie
63%
159,360 Guelph
58%
197,351 Burlington
54%
238,716 Oakville
52%
219,094 Richmond Hill
48%
152,958 St Catharines
44%
163,208 Cambridge
40%
158,855 Whitby
27%
No matching quizzes found
Score Distribution
Percent of People with Each Score
Percentile by Number Answered
Your Score History
You have not taken this quiz since the last reset